00619 2200217 4500001002100000005001500021035002000036007000300056008004100059082001100100084001700111100001800128245011000146250001000256260004100266300003000307504001600337650002400353990001200377990001200389INLIS00000000001744720241016094408 a0010-1024000175ta241016 g 0 ind  a658.81 a658.81 HEN b0 aHENDRA,Hilman1 aBOOST YOUR SELLING POWER! :bWorld Class Secret Sales Stratrgies to be a sales superstar /cHendra hilman acet.1 ajakarta timur :bPENEBAR PLUS,c2014 a227 hlm. :bilus ;c20 cm abibliografi 4aMANAJEMEN PENJUALAN a11840 a a11840 b